000
00335nam a2200133Ia 4500
008
240624s9999 xx 000 0 und d
041
_a
eng
082
_a
658.4038011 OZ
100
_a
OZ EFFY
245
_a
MANAGEMENT INFORMATION SYSTEMS
260
_c
2009
_a
Australia
_b
Cengage Learning
300
_a
440 : p. : cm. ; 24
365
_c
RS
999
_c
20460
_d
20460